| 000 | 00610nam a2200217Ia 4500 | ||
|---|---|---|---|
| 001 | 274 | ||
| 005 | 20251205091436.0 | ||
| 008 | 251203t2010||||xx |||||||||||||| ||spa|| | ||
| 020 | _a9786124582400 | ||
| 041 | _aESP | ||
| 082 |
_a720.985 _bG31 |
||
| 100 |
_aGavazzi, Adine, _cAUT |
||
| 245 | 0 |
_aArquitectura andina : _bformas e historia de los especios sagrados |
|
| 250 | _aPrimera edición | ||
| 260 |
_aLima : _bApus Graph Ediciones _c2010 |
||
| 300 |
_a328 páginas : _b ilustraciones ; _c 33 cm. |
||
| 650 | _aABD | ||
| 653 | _aArquitectura; Perú, historia | ||
| 654 | _aCTP | ||
| 942 |
_cLIB _dJUS _fMIP _2ddc |
||
| 999 |
_c274 _d274 |
||